header

Molecular biology and genetic engineering (Record no. 84605)

MARC details
000 -LEADER
fixed length control field 01170nam a2200301 a 4500
100 1# - MAIN ENTRY--AUTHOR NAME
Personal name Gupta, P. K.
245 10 - TITLE STATEMENT
Title Molecular biology and genetic engineering
260 ## - PUBLICATION, DISTRIBUTION, ETC. (IMPRINT)
Place of publication Meerut, India :
Name of publisher Rastogi Publications,
Year of publication 2008.
300 ## - PHYSICAL DESCRIPTION
Number of Pages 1 v. (various pagings) :
Other physical details ill.
505 0# - FORMATTED CONTENTS NOTE
Formatted contents note pt.1. Molecular biology -- pt. 2. Genetic engineering.
650 #0 - SUBJECT ADDED ENTRY--TOPICAL TERM
Topical Term Molecular biology.
Topical Term Genetic engineering.
856 40 - ELECTRONIC LOCATION AND ACCESS
Uniform Resource Identifier http://site.ebrary.com/lib/rucke/Doc?id=10417542

No items available.

© 2026 Rongo University
Contact us: librarian | system librarian | Rongo university